Genshin Impact Characters - Statistics

General Stats
  • This quiz has been taken 472 times
  • The average score is 27 of 33
Answer Stats
Element Character % Correct
Anemo Jean
96%
Anemo Venti
93%
Anemo Xiao
91%
Pyro Diluc
90%
Electro Lisa
89%
Geo Zhongli
89%
Pyro Amber
88%
Anemo Sucrose
88%
Cryo Kaeya
87%
Pyro Klee
85%
Geo Albedo
84%
Hydro Barbara
84%
Geo Noelle
84%
Pyro Xiangling
84%
Hydro Mona
83%
Pyro Bennett
81%
Electro Keqing
81%
Geo Ningguang
81%
Cryo Diona
79%
Electro Beidou
78%
Cryo Chongyun
78%
Hydro Xingqiu
78%
Electro Razor
77%
Pyro Xinyan
77%
Pyro Hu Tao
76%
Cryo Qiqi
76%
Electro Fischl
75%
Hydro Childe
74%
Cryo Ganyu
74%
Anemo Aether
68%
Geo Aether
68%
Anemo Lumine
67%
Geo Lumine
67%
No matching quizzes found
Score Distribution
Percent of People with Each Score
Percentile by Number Answered
Your Score History
You have not taken this quiz